Tudor England : (Record no. 2377)

MARC details
000 -LEADER
fixed length control field 00490cam a2200169 i 4500
008 - FIXED-LENGTH DATA ELEMENTS--GENERAL INFORMATION
fixed length control field 230508s2023 ctuab b 001 0 eng d
020 ## - INTERNATIONAL STANDARD BOOK NUMBER
ISBN 9780300162721
020 ## - INTERNATIONAL STANDARD BOOK NUMBER
ISBN 9780300273328
100 1# - MAIN ENTRY--AUTHOR
Author Wooding, Lucy E. C.,
245 10 - TITLE STATEMENT
Title Tudor England :
Remainder of title a history /
Statement of responsibility, etc Lucy Wooding.
260 ## - PUBLICATION, DISTRIBUTION, ETC. (IMPRINT)
Place of publication London
Name of publisher Yale University Press
Date of publication 2023
300 ## - COLLATION
Pagination xii, 708 pages :
Other physical details illustrations, map ;
500 ## - GENERAL NOTE
General note Originally published: 2022.
942 ## - ADDED ENTRY ELEMENTS (KOHA)
Item type Books
050 00 - LIBRARY OF CONGRESS CALL NUMBER
Classification number DA315
Item number .W568 2023
082 04 - DEWEY DECIMAL CLASSIFICATION NUMBER
Classification number 942.05
Holdings
Source of classification or shelving scheme Not for loan Permanent location Current location Date acquired Accession No. Full call number Barcode. Koha item type
Library of Congress Classification   Samuel Ogbemudia Main Library, University of Abuja Samuel Ogbemudia Main Library, University of Abuja 03/17/2025 2024/63710 DA315.W56 2025-0644 Books